[Event "Maresme op 16th"]
[Site "Maresme"]
[Date "2019.11.09"]
[Round "5"]
[White "Garcia Garcia, Candido"]
[Black "Gracia Vila, Frederic"]
[Result "0-1"]
[WhiteElo "1721"]
[BlackElo "1616"]
[PlyCount "144"]
[EventDate "2019.09.29"]
[EventType "swiss"]
[EventRounds "8"]
[EventCountry "ESP"]
[SourceTitle "CBM 193 Extra"]
[Source "ChessBase"]
[SourceDate "2020.01.31"]
[SourceVersion "1"]
[SourceVersionDate "2020.01.31"]
[SourceQuality "1"]

1. d4 Nf6 2. Bf4 g6 3. e3 Bg7 4. Be2 d6 5. Nf3 0-0 6. h3 Nc6 7. 0-0 e5 8. dxe5 Ne4 9. c3 dxe5 10. Bh2 Bf5 11. Bb5 Qe7 12. Qe2 Rfd8 13. Nbd2 a6 14. g4 Nxd2 15. Nxd2 Bxg4 16. hxg4 axb5 17. a3 e4 18. f3 exf3 19. Nxf3 Bh6 20. Kg2 Qxe3 21. Qxe3 Bxe3 22. Bxc7 Re8 23. Bg3 Re7 24. Rfe1 Rae8 25. Re2 Bc5 26. Rxe7 Rxe7 27. Re1 Rxe1 28. Nxe1 Be7 29. Bf2 Na5 30. Be3 Nc4 31. Bc1 Bd6 32. b3 Na5 33. b4 Nc4 34. Nf3 Ne5 35. Nxe5 Bxe5 36. Bd2 Kf8 37. Kf2 Ke7 38. Ke2 Ke6 39. Kd3 Kd5 40. g5 f6 41. Be3 fxg5 42. Bxg5 Bg7 43. Be3 h6 44. a4 bxa4 45. c4+ Kd6 46. b5 a3 47. c5+ Kd5 48. c6 bxc6 49. b6 Be5 50. b7 c5 51. Bc1 c4+ 52. Kc2 Kc6 53. Bxa3 Kxb7 54. Bc1 g5 55. Kd1 Bf4 56. Ba3 h5 57. Ke2 Kc6 58. Bb2 Kd5 59. Bf6 Ke4 60. Bc3 g4 61. Be1 g3 62. Bb4 h4 63. Be1 h3 64. Kf1 Kd3 65. Kg1 c3 66. Bxc3 Kxc3 67. Kh1 Kd3 68. Kg1 Ke4 69. Kh1 Kf3 70. Kg1 Be3+ 71. Kh1 g2+ 72. Kh2 g1Q+ 0-1

[Event "Maresme op 16th"]
[Site "Maresme"]
[Date "2019.10.05"]
[Round "2"]
[White "Pares Peris, Jordi"]
[Black "Garcia Garcia, Candido"]
[Result "1-0"]
[WhiteElo "2106"]
[BlackElo "1721"]
[PlyCount "47"]
[EventDate "2019.09.29"]
[EventType "swiss"]
[EventRounds "8"]
[EventCountry "ESP"]
[SourceTitle "CBM 193 Extra"]
[Source "ChessBase"]
[SourceDate "2020.01.31"]
[SourceVersion "1"]
[SourceVersionDate "2020.01.31"]
[SourceQuality "1"]

1. e4 c5 2. Nf3 d6 3. Bb5+ Bd7 4. Bxd7+ Qxd7 5. 0-0 Nc6 6. c3 Nf6 7. Re1 g6 8. d4 cxd4 9. cxd4 Bg7 10. Nc3 0-0 11. Bf4 Rac8 12. Rc1 b6 13. h3 Rfd8 14. Qd2 e5 15. Bg5 exd4 16. Nxd4 Nxd4 17. Qxd4 Qe6 18. Qa4 h6 19. Be3 Nd7 20. Rcd1 Bxc3 21. bxc3 Rxc3 22. Bxh6 Nc5 23. Qd4 Qe5 24. Qxe5 1-0

[Event "Maresme op 14th"]
[Site "Maresme"]
[Date "2017.11.18"]
[Round "7"]
[White "Garcia Garcia, Candido"]
[Black "Goloubev Goloubeva, Maria"]
[Result "1-0"]
[WhiteElo "1699"]
[BlackElo "1481"]
[PlyCount "63"]
[EventDate "2017.09.30"]
[EventType "swiss"]
[EventRounds "9"]
[EventCountry "ESP"]
[SourceTitle "CBM 181 Extra"]
[Source "ChessBase"]
[SourceDate "2017.12.12"]
[SourceVersion "1"]
[SourceVersionDate "2017.12.12"]
[SourceQuality "1"]

1. d4 Nf6 2. Bf4 e6 3. Nf3 Nc6 4. e3 d5 5. Bd3 Bd6 6. Ne5 Nd7 7. Qg4 Bxe5 8. dxe5 Ncxe5 9. Qxg7 Nxd3+ 10. cxd3 Qf6 11. Qxf6 Nxf6 12. Bxc7 Nd7 13. Nc3 a6 14. Rc1 b5 15. d4 Bb7 16. 0-0 Rg8 17. a3 Ke7 18. b4 Rg6 19. Ne2 Rag8 20. g3 Nf6 21. Be5 Rc8 22. Rxc8 Bxc8 23. Rc1 Kd8 24. Nf4 Rh6 25. f3 Ne8 26. g4 f6 27. Bb8 Ng7 28. Bd6 e5 29. dxe5 fxe5 30. Bxe5 Ne6 31. Nxd5 Ng5 32. Bf6+ 1-0

[Event "Maresme op 14th"]
[Site "Maresme"]
[Date "2017.10.07"]
[Round "2"]
[White "Gonzalez Cominelli, Alejo Gabriel"]
[Black "Garcia Garcia, Candido"]
[Result "1/2-1/2"]
[WhiteElo "1948"]
[BlackElo "1699"]
[PlyCount "60"]
[EventDate "2017.09.30"]
[EventType "swiss"]
[EventRounds "9"]
[EventCountry "ESP"]
[SourceTitle "CBM 181 Extra"]
[Source "ChessBase"]
[SourceDate "2017.12.12"]
[SourceVersion "1"]
[SourceVersionDate "2017.12.12"]
[SourceQuality "1"]

1. Nf3 Nf6 2. c4 e6 3. g3 c6 4. Bg2 d5 5. 0-0 Be7 6. d3 Nbd7 7. Nc3 0-0 8. cxd5 exd5 9. e4 dxe4 10. dxe4 Nb6 11. Qc2 h6 12. Rd1 Bd7 13. h3 Qc8 14. Kh2 Nh7 15. Ne2 Ng5 16. Nxg5 hxg5 17. Be3 f5 18. a4 Be6 19. Nd4 f4 20. Nxe6 Qxe6 21. Bc5 Rad8 22. Bxe7 Qxe7 23. a5 Nd7 24. Qb3+ Kh8 25. Qxb7 fxg3+ 26. fxg3 Rf2 27. Qxa7 c5 28. Qb7 Rb8 29. Qxd7 Rxg2+ 30. Kxg2 Qxe4+ 1/2-1/2

[Event "Mataro Maresme op-A 13th"]
[Site "Mataro"]
[Date "2016.10.29"]
[Round "4"]
[White "Garcia Garcia, Candido"]
[Black "Garcia Argemi, Josep"]
[Result "0-1"]
[WhiteElo "1856"]
[BlackElo "1543"]
[PlyCount "68"]
[EventDate "2016.10.08"]
[EventType "swiss"]
[EventRounds "9"]
[EventCountry "ESP"]
[SourceTitle "EXT 2018"]
[Source "ChessBase"]
[SourceDate "2017.10.13"]
[SourceVersion "1"]
[SourceVersionDate "2017.10.13"]
[SourceQuality "1"]

1. e4 c5 2. d4 cxd4 3. c3 d3 4. c4 Nc6 5. Bxd3 g6 6. Bd2 Bg7 7. Bc3 Bxc3+ 8. Nxc3 Nf6 9. b3 d6 10. Nge2 Ne5 11. Bc2 Qa5 12. 0-0 Be6 13. Qe1 Qc5 14. Nf4 0-0 15. Rd1 Nf3+ 16. gxf3 Qg5+ 17. Kh1 Qxf4 18. Qe3 Qh4 19. Rg1 Nh5 20. Nd5 Bh3 21. Rd4 e5 22. Rdd1 Kh8 23. Rd3 Be6 24. Nc7 Rad8 25. Nxe6 fxe6 26. Rgd1 Nf4 27. R3d2 Qh3 28. Rg1 Rf6 29. Bd1 g5 30. Rxg5 Rh6 31. Qxf4 exf4 32. Rg2 Rg8 33. Rxg8+ Kxg8 34. Kg1 Rg6+ 0-1

[Event "Mataro op 12th"]
[Site "Mataro"]
[Date "2015.11.21"]
[Round "8.1"]
[White "Gonzalez Moreno, Antoni"]
[Black "Garcia Garcia, Candido"]
[Result "0-1"]
[WhiteElo "1937"]
[BlackElo "1991"]
[PlyCount "89"]
[EventDate "2015.10.03"]
[EventType "swiss"]
[EventRounds "9"]
[EventCountry "ESP"]
[SourceTitle "EXT 2024"]
[Source "ChessBase"]
[SourceDate "2023.10.10"]
[SourceVersion "1"]
[SourceVersionDate "2023.10.10"]
[SourceQuality "1"]

1. c4 e5 2. Nc3 Nc6 3. g3 Nf6 4. Bg2 Bb4 5. e3 Bxc3 6. bxc3 0-0 7. Ne2 d6 8. d4 e4 9. Ba3 Bg4 10. Qc2 Re8 11. 0-0 Na5 12. h3 Bd7 13. c5 Nc4 14. Qc1 d5 15. Rb1 Rb8 16. Nf4 a6 17. Rd1 Bb5 18. Bf1 Qd7 19. Kg2 g5 20. Ne2 h5 21. Ng1 h4 22. Bxc4 Bxc4 23. Rd2 c6 24. Qd1 Kg7 25. g4 Qc7 26. Bc1 Rf8 27. Qe1 Kg6 28. Ne2 Qe7 29. Ng1 Qe6 30. Qd1 Bd3 31. Rb4 Ne8 32. Rdb2 Qc8 33. Rd2 f5 34. Rxd3 exd3 35. Qxd3 Qe6 36. f3 Kh6 37. Rb2 fxg4 38. fxg4 Qe4+ 39. Qxe4 dxe4 40. Rf2 Rxf2+ 41. Kxf2 Nc7 42. c4 Rf8+ 43. Ke2 Na8 44. d5 cxd5 45. cxd5 0-1

[Event "Mataro op 12th"]
[Site "Mataro"]
[Date "2015.11.14"]
[Round "7.1"]
[White "Garcia Garcia, Candido"]
[Black "Kirilov Stoykov, Georgi"]
[Result "1/2-1/2"]
[WhiteElo "1991"]
[BlackElo "1912"]
[PlyCount "56"]
[EventDate "2015.10.03"]
[EventType "swiss"]
[EventRounds "9"]
[EventCountry "ESP"]
[SourceTitle "EXT 2024"]
[Source "ChessBase"]
[SourceDate "2023.10.10"]
[SourceVersion "1"]
[SourceVersionDate "2023.10.10"]
[SourceQuality "1"]

1. e4 c5 2. Nf3 d6 3. d4 cxd4 4. Nxd4 Nf6 5. Nc3 a6 6. Bg5 e5 7. Bxf6 Qxf6 8. Nd5 Qd8 9. Ne2 Be7 10. Nxe7 Qxe7 11. Nc3 0-0 12. Bc4 Nc6 13. 0-0 b5 14. Bd5 Bb7 15. a3 Rac8 16. Rc1 Nd4 17. Bxb7 Qxb7 18. Nd5 f5 19. Qd3 Rc5 20. f3 fxe4 21. fxe4 Rxf1+ 22. Kxf1 Rc8 23. c3 Qa7 24. Rd1 Ne6 25. Ke2 Rf8 26. Rf1 Rxf1 27. Kxf1 Qf7+ 28. Qf3 Nf4 1/2-1/2

[Event "Mataro op 12th"]
[Site "Mataro"]
[Date "2015.10.31"]
[Round "5.1"]
[White "Ferre Navarro, Joan"]
[Black "Garcia Garcia, Candido"]
[Result "0-1"]
[WhiteElo "1852"]
[BlackElo "1991"]
[PlyCount "100"]
[EventDate "2015.10.03"]
[EventType "swiss"]
[EventRounds "9"]
[EventCountry "ESP"]
[SourceTitle "EXT 2024"]
[Source "ChessBase"]
[SourceDate "2023.10.10"]
[SourceVersion "1"]
[SourceVersionDate "2023.10.10"]
[SourceQuality "1"]

1. d4 Nf6 2. Nf3 d5 3. e3 Bf5 4. c4 e6 5. Nc3 c6 6. cxd5 exd5 7. Be2 Bd6 8. 0-0 Qc7 9. h3 0-0 10. Nh4 Be4 11. f3 Bg6 12. Bd2 Nh5 13. Nxg6 fxg6 14. Be1 Bh2+ 15. Kh1 Bg3 16. f4 Bxe1 17. Qxe1 Nf6 18. Rc1 Qe7 19. Bd3 Nbd7 20. Qg3 Rae8 21. Rce1 Qd6 22. Qf3 Re7 23. Rf2 Nh5 24. Ree2 Rfe8 25. Nd1 Nhf6 26. Qg3 Ne4 27. Bxe4 Rxe4 28. Nc3 R4e7 29. Qf3 Nf6 30. g4 Ne4 31. Nxe4 Rxe4 32. Rf1 Qe7 33. Rfe1 Qh4 34. Kg2 Qf6 35. g5 Qf5 36. h4 h5 37. gxh6 gxh6 38. Kf2 Kh7 39. Rg1 R4e6 40. Qg3 Qh5 41. Ke1 Re4 42. Kd2 Rxd4+ 43. exd4 Qxe2+ 44. Kc1 Qe3+ 45. Kc2 Qxg3 46. Rxg3 Re4 47. Rf3 Rxd4 48. Kc3 Re4 49. Kd3 Kg7 50. b3 Kf6 0-1

[Event "Mataro op 11th"]
[Site "Mataro"]
[Date "2014.11.22"]
[Round "9"]
[White "Garcia Garcia, Candido"]
[Black "Gonzalez Saguillo, Oriol"]
[Result "0-1"]
[WhiteElo "1962"]
[BlackElo "1932"]
[PlyCount "110"]
[EventDate "2014.09.27"]
[EventType "swiss"]
[EventRounds "9"]
[EventCountry "ESP"]
[SourceTitle "EXT 2016"]
[Source "ChessBase"]
[SourceDate "2015.10.08"]
[SourceVersion "1"]
[SourceVersionDate "2015.10.08"]
[SourceQuality "1"]

1. e4 e5 2. Nf3 Nc6 3. d4 exd4 4. Bc4 Nf6 5. e5 d5 6. Bb5 Nd7 7. 0-0 Be7 8. Bxc6 bxc6 9. Qxd4 Nc5 10. Nc3 0-0 11. a3 a5 12. Be3 Ne6 13. Qd2 Bb7 14. Rfd1 Re8 15. h3 h6 16. Nh2 Bf8 17. f4 Qh4 18. f5 Ng5 19. Bxg5 hxg5 20. Ng4 Bc5+ 21. Kh1 Bc8 22. Rf1 Kh7 23. Kh2 Rh8 24. Qe2 Kg8 25. Qf3 Ba6 26. Ne2 Re8 27. e6 Bd6+ 28. Kh1 f6 29. Rfe1 Bb7 30. Kg1 Bc5+ 31. Kh2 Ba8 32. c3 Bd6+ 33. Kg1 c5 34. Qf2 Kf8 35. Qxh4 gxh4 36. Rf1 Rb8 37. Rab1 Bc6 38. Nf4 Bxf4 39. Rxf4 a4 40. Rf2 Ke7 41. Ne3 d4 42. cxd4 cxd4 43. Nc4 Bd5 44. Rc1 c5 45. Rcc2 Be4 46. Rcd2 Rh5 47. Na5 Rb5 48. Rf4 Bd5 49. b4 axb3 50. Nxb3 Rxb3 51. Rc2 Rb1+ 52. Kf2 Rg5 53. Rg4 Rxf5+ 54. Ke2 g5 55. Rxc5 Bf3+ 0-1

[Event "Mataro op 11th"]
[Site "Mataro"]
[Date "2014.10.18"]
[Round "4"]
[White "Garcia Garcia, Candido"]
[Black "Silva Schultze, Luis"]
[Result "1-0"]
[WhiteElo "1962"]
[BlackElo "1906"]
[PlyCount "31"]
[EventDate "2014.09.27"]
[EventType "swiss"]
[EventRounds "9"]
[EventCountry "ESP"]
[SourceTitle "EXT 2016"]
[Source "ChessBase"]
[SourceDate "2015.10.08"]
[SourceVersion "1"]
[SourceVersionDate "2015.10.08"]
[SourceQuality "1"]

1. e4 c5 2. Nf3 d6 3. d4 cxd4 4. Nxd4 Nf6 5. Nc3 e6 6. Be2 Be7 7. Be3 Nc6 8. 0-0 0-0 9. Qd2 Nxd4 10. Bxd4 a6 11. Rad1 b5 12. Bxf6 gxf6 13. Bd3 Kh8 14. e5 d5 15. exf6 Bxf6 16. Qh6 1-0

[Event "Mataro op 11th"]
[Site "Mataro"]
[Date "2014.09.27"]
[Round "1"]
[White "Gonzalez Cominelli, Alejo Gabriel"]
[Black "Garcia Garcia, Candido"]
[Result "1/2-1/2"]
[WhiteElo "1789"]
[BlackElo "1962"]
[PlyCount "84"]
[EventDate "2014.09.27"]
[EventType "swiss"]
[EventRounds "9"]
[EventCountry "ESP"]
[SourceTitle "EXT 2016"]
[Source "ChessBase"]
[SourceDate "2015.10.08"]
[SourceVersion "1"]
[SourceVersionDate "2015.10.08"]
[SourceQuality "1"]

1. c4 e5 2. Nc3 Nf6 3. g3 d5 4. cxd5 Nxd5 5. Bg2 Be6 6. Nf3 Nc6 7. 0-0 Be7 8. d4 Nxc3 9. bxc3 exd4 10. cxd4 0-0 11. a4 Bd5 12. e3 Bf6 13. Ba3 Re8 14. Rb1 Rb8 15. Qd2 Be7 16. Qc3 Bxa3 17. Qxa3 b6 18. Rfc1 Qf6 19. Nd2 Bxg2 20. Kxg2 Rbc8 21. Rc2 Na5 22. Rbc1 c6 23. Nf3 Qe6 24. Ne5 f6 25. Nd3 Nb3 26. Rb1 Qe4+ 27. Kg1 Qxd3 28. Qxb3+ Qxb3 29. Rxb3 Re7 30. Rbc3 Rec7 31. Kg2 Kf7 32. f4 f5 33. Kf3 c5 34. g4 g6 35. e4 fxe4+ 36. Kxe4 Re7+ 37. Kf3 Rce8 38. dxc5 bxc5 39. Rxc5 Re3+ 40. Kf2 R3e4 41. Rc7+ R8e7 42. Rxe7+ Rxe7 1/2-1/2

[Event "Maresme op 9th"]
[Site "Maresme"]
[Date "2012.11.17"]
[Round "8"]
[White "Duran Gutierrez, Juan Luis"]
[Black "Garcia Garcia, Candido"]
[Result "1-0"]
[WhiteElo "2076"]
[BlackElo "1938"]
[PlyCount "91"]
[EventDate "2012.09.29"]
[EventType "swiss"]
[EventRounds "9"]
[EventCountry "ESP"]
[SourceTitle "EXT 2014"]
[Source "ChessBase"]
[SourceDate "2013.11.20"]
[SourceVersion "1"]
[SourceVersionDate "2013.11.20"]
[SourceQuality "1"]

1. Nf3 d5 2. c4 e6 3. g3 Nf6 4. b3 Be7 5. Bb2 b6 6. Bg2 Bb7 7. 0-0 0-0 8. Qc2 h6 9. d4 Nbd7 10. Nbd2 c5 11. dxc5 Bxc5 12. Rad1 Rc8 13. Ne5 Qc7 14. Ndf3 dxc4 15. Nxd7 Nxd7 16. Qxc4 Bxf3 17. Bxf3 Ne5 18. Qe4 Nxf3+ 19. Qxf3 Qe7 20. Rd3 Rcd8 21. Rfd1 Rxd3 22. Rxd3 a5 23. Qg4 f6 24. Kg2 Re8 25. Rf3 e5 26. Rd3 Rd8 27. Qc4+ Kh8 28. Bc1 Rxd3 29. Qxd3 Qd6 30. Qxd6 Bxd6 31. Kf3 Kg8 32. Be3 b5 33. Ke4 a4 34. Kd5 axb3 35. axb3 Bb8 36. Kc6 Kf7 37. Kxb5 Ke8 38. Kc6 Kd8 39. Bc5 g6 40. e4 f5 41. Kb7 Bc7 42. Bb6 Bxb6 43. Kxb6 f4 44. Kc5 fxg3 45. fxg3 Ke7 46. Kd5 1-0

[Event "Maresme op 9th"]
[Site "Maresme"]
[Date "2012.11.03"]
[Round "6"]
[White "Llopis Jordan, Lluis"]
[Black "Garcia Garcia, Candido"]
[Result "0-1"]
[WhiteElo "1873"]
[BlackElo "1938"]
[PlyCount "98"]
[EventDate "2012.09.29"]
[EventType "swiss"]
[EventRounds "9"]
[EventCountry "ESP"]
[SourceTitle "EXT 2014"]
[Source "ChessBase"]
[SourceDate "2013.11.20"]
[SourceVersion "1"]
[SourceVersionDate "2013.11.20"]
[SourceQuality "1"]

1. d4 Nf6 2. c4 g6 3. Nc3 d5 4. Bg5 Ne4 5. Nxe4 dxe4 6. e3 Bg7 7. Qc2 c6 8. h4 Qa5+ 9. Qd2 Qxd2+ 10. Kxd2 e5 11. dxe5 Bxe5 12. Kc2 h6 13. Bf4 Bxf4 14. exf4 Bf5 15. Re1 0-0 16. Re3 Nd7 17. Ne2 Nf6 18. Ng3 Ng4 19. Nxf5 gxf5 20. Rg3 Kh8 21. Be2 Nf6 22. Rb3 b6 23. Rd1 Rfd8 24. Rc3 Kg7 25. g3 Rxd1 26. Bxd1 Rd8 27. b4 Ng4 28. Bxg4 fxg4 29. a4 Rd4 30. Kc1 f5 31. Kc2 Kf6 32. Kc1 Ke6 33. Kc2 Kd6 34. Kc1 a5 35. c5+ Kd5 36. bxa5 bxa5 37. Rb3 Rb4 38. Rxb4 axb4 39. Kc2 Kxc5 40. Kb3 h5 41. a5 Kb5 42. a6 Kxa6 43. Kxb4 Kb6 44. Kc4 Kc7 45. Kc5 Kd7 46. Kc4 Kd6 47. Kc3 Kd5 48. Kd2 Kd4 49. Kc2 e3 0-1

[Event "Maresme op 9th"]
[Site "Maresme"]
[Date "2012.10.20"]
[Round "4"]
[White "Garcia Garcia, Candido"]
[Black "Ruiz Molina, Gabriel"]
[Result "0-1"]
[WhiteElo "1938"]
[BlackElo "2086"]
[PlyCount "112"]
[EventDate "2012.09.29"]
[EventType "swiss"]
[EventRounds "9"]
[EventCountry "ESP"]
[SourceTitle "EXT 2014"]
[Source "ChessBase"]
[SourceDate "2013.11.20"]
[SourceVersion "1"]
[SourceVersionDate "2013.11.20"]
[SourceQuality "1"]

1. e4 e6 2. d4 d5 3. exd5 exd5 4. Nf3 Nf6 5. Bd3 Bg4 6. h3 Bh5 7. Bf4 Be7 8. Nbd2 0-0 9. 0-0 Nbd7 10. Re1 Re8 11. c3 Rc8 12. b4 Bg6 13. Bxg6 hxg6 14. Ne5 Nf8 15. Qc2 Bd6 16. Nd3 Ne6 17. Bxd6 Qxd6 18. Ne5 Ng5 19. Qd3 Nfe4 20. Nxe4 Nxe4 21. f3 Ng3 22. Kf2 Nh5 23. g3 c6 24. f4 Nf6 25. Kg1 Ne4 26. Ng4 Qd7 27. Re2 f6 28. Rae1 Kf7 29. Qf3 Rh8 30. h4 Rce8 31. Nf2 Nd6 32. Rxe8 Rxe8 33. Rxe8 Qxe8 34. Kf1 Qe6 35. Qe2 Qf5 36. Kg2 Nb5 37. Qd2 Na3 38. g4 Qe6 39. Kf3 Nc4 40. Qe2 Qd7 41. Nd3 b6 42. Nb2 Nd6 43. Nd1 Ne4 44. Qe3 Qd6 45. Nf2 f5 46. g5 a5 47. Nd3 Kg8 48. bxa5 bxa5 49. Nc5 Qb8 50. a4 Qb1 51. Nxe4 fxe4+ 52. Kg4 Qd1+ 53. Kg3 Qxa4 54. f5 Qd1 55. fxg6 Qf3+ 56. Qxf3 exf3 0-1

[Event "Canet de Mar Tancat del Maresme 5th"]
[Site "Canet de Mar"]
[Date "2012.04.14"]
[Round "1.2"]
[White "Ten Gomez, Sergi"]
[Black "Garcia Garcia, Candido"]
[Result "0-1"]
[WhiteElo "1958"]
[BlackElo "1929"]
[PlyCount "44"]
[EventDate "2012.04.14"]
[EventType "swiss"]
[EventRounds "9"]
[EventCountry "ESP"]
[SourceTitle "EXT 2024"]
[Source "ChessBase"]
[SourceDate "2023.10.10"]
[SourceVersion "1"]
[SourceVersionDate "2023.10.10"]
[SourceQuality "1"]

1. e4 e5 2. d4 exd4 3. Bc4 Nf6 4. Nf3 Nc6 5. e5 d5 6. Bb5 Ne4 7. Nxd4 Bd7 8. Bxc6 bxc6 9. Nd2 Nxf2 10. Kxf2 Qh4+ 11. Ke3 c5 12. N2f3 Qe4+ 13. Kf2 cxd4 14. Nxd4 Bc5 15. Be3 0-0 16. Re1 Qxe5 17. Nf3 Bxe3+ 18. Rxe3 Qxb2 19. Rb1 Qxa2 20. Ne5 Be6 21. Ra1 Qb2 22. Rb3 Qxe5 0-1

[Event "Maresme op 8th"]
[Site "Maresme"]
[Date "2011.09.24"]
[Round "1"]
[White "Ten Gomez, Sergi"]
[Black "Garcia Garcia, Candido"]
[Result "0-1"]
[WhiteElo "1845"]
[BlackElo "1858"]
[PlyCount "24"]
[EventDate "2011.09.24"]
[EventType "swiss"]
[EventRounds "9"]
[EventCountry "ESP"]
[SourceTitle "EXT 2013"]
[Source "ChessBase"]
[SourceDate "2012.11.22"]
[SourceVersion "1"]
[SourceVersionDate "2012.11.22"]
[SourceQuality "1"]

1. e4 e5 2. f4 Bc5 3. Nf3 d6 4. Bc4 Nf6 5. fxe5 dxe5 6. Nxe5 Qd4 7. Bxf7+ Ke7 8. Qf3 Qxe5 9. Nc3 Kxf7 10. d4 Bxd4 11. Rf1 Bxc3+ 12. bxc3 Re8 0-1